[Event "Verbandsliga Sued Baden 0506"]
[Site "Germany"]
[Date "2006.05.07"]
[Round "9.3"]
[White "Allemann, Anton"]
[Black "Reinhart, Emmanuel"]
[Result "1-0"]
[WhiteElo "2220"]
[BlackElo "2129"]
[PlyCount "81"]
[EventDate "2005.10.16"]
[EventType "team"]
[EventRounds "9"]
[EventCountry "GER"]
[SourceTitle "EXT 2007"]
[Source "ChessBase"]
[SourceDate "2006.11.23"]
[SourceVersion "1"]
[SourceVersionDate "2006.11.23"]
[SourceQuality "1"]
[WhiteTeam "Zaehringen"]
[BlackTeam "Oberwinden"]
[WhiteTeamCountry "GER"]
[BlackTeamCountry "GER"]

1. g3 d5 2. Nf3 Nf6 3. Bg2 c6 4. c4 Bf5 5. b3 Nbd7 6. Bb2 e6 7. d3 Bc5 8. 0-0 0-0 9. Nbd2 h6 10. a3 a5 11. Qc2 Qb6 12. h3 Rfe8 13. Bc3 e5 14. e4 Bg6 15. Nh4 Bh7 16. cxd5 cxd5 17. exd5 Rac8 18. Nc4 Qa6 19. Qd2 g5 20. Nf3 e4 21. dxe4 Nxe4 22. Qb2 b5 23. Nce5 Nxc3 24. Nxd7 Qd6 25. Nxc5 Qxc5 26. Rfe1 b4 27. axb4 axb4 28. Ne5 Bf5 29. g4 f6 30. Nc6 Bd3 31. Bf3 Bb5 32. Qc2 Kg7 33. Qf5 Bxc6 34. dxc6 Rxe1+ 35. Rxe1 Qxf5 36. gxf5 Rc7 37. Re8 Nb5 38. Rb8 Nd4 39. Rb7 Nxf3+ 40. Kh1 h5 41. Rxc7+ 1-0

[Event "SUI-chT"]
[Site "Switzerland"]
[Date "2006.02.26"]
[Round "1.6"]
[White "Allemann, Anton"]
[Black "Goldstern, Filip Daniel"]
[Result "0-1"]
[WhiteElo "2274"]
[BlackElo "2400"]
[PlyCount "82"]
[EventDate "2006.02.26"]
[EventType "team-tourn"]
[EventRounds "9"]
[EventCountry "SUI"]
[SourceTitle "CBM 111 Extra"]
[Source "ChessBase"]
[SourceDate "2006.05.09"]
[SourceVersion "1"]
[SourceVersionDate "2006.05.09"]
[SourceQuality "1"]
[WhiteTeam "Riehen"]
[BlackTeam "Zuerich"]
[WhiteTeamCountry "SUI"]
[BlackTeamCountry "SUI"]

1. e4 d6 2. d4 g6 3. Nc3 Bg7 4. f4 c6 5. Nf3 Bg4 6. Be3 Qb6 7. Qd2 Nd7 8. 0-0-0 Qa5 9. Kb1 b5 10. Qf2 b4 11. Ne2 Ngf6 12. Ng3 d5 13. Bd3 dxe4 14. Nxe4 Be6 15. b3 Ng4 16. Qe2 Nxe3 17. Qxe3 Nb6 18. Ne5 Nd5 19. Qe1 Qb6 20. Rf1 Bxe5 21. fxe5 Qxd4 22. Bb5 Qb6 23. Bc4 h6 24. Rd3 a5 25. Qh4 0-0-0 26. Nd2 Bf5 27. Rxf5 gxf5 28. Bxd5 Rxd5 29. Rxd5 cxd5 30. Qxe7 Qg1+ 31. Kb2 Qd4+ 32. Kc1 Rd8 33. Nf3 Qa1+ 34. Kd2 Qc3+ 35. Kd1 d4 36. Qxf7 d3 37. Qxf5+ Kb8 38. cxd3 Rxd3+ 39. Ke2 Qc2+ 40. Kf1 Rd1+ 41. Ne1 Qxf5+ 0-1

[Event "SUI-ch int"]
[Site "Saas Almagell"]
[Date "2005.07.12"]
[Round "6"]
[White "Allemann, Anton"]
[Black "Moor, Roger"]
[Result "1/2-1/2"]
[WhiteElo "2260"]
[BlackElo "2402"]
[PlyCount "104"]
[EventDate "2005.07.07"]
[EventType "swiss"]
[EventRounds "9"]
[EventCountry "SUI"]
[SourceTitle "CBM 107 Extra"]
[Source "ChessBase"]
[SourceDate "2005.09.01"]
[SourceVersion "1"]
[SourceVersionDate "2005.09.01"]
[SourceQuality "1"]

1. e4 c5 2. c3 Qa5 3. Nf3 Nc6 4. Bc4 Nf6 5. d3 d6 6. 0-0 g6 7. Nbd2 Bg7 8. Bb3 0-0 9. Re1 Bg4 10. h3 Bxf3 11. Nxf3 Nd7 12. Be3 b5 13. a3 Qc7 14. Qd2 c4 15. Bc2 cxd3 16. Bxd3 Na5 17. Qe2 a6 18. Bd4 e5 19. Be3 Nc4 20. Rad1 Rfd8 21. Bc1 Ndb6 22. Bb1 Rd7 23. Nh2 h5 24. Nf1 Kh7 25. Rd3 Bh6 26. Bxh6 Kxh6 27. Red1 Rad8 28. Ne3 Kg7 29. Ba2 Nxe3 30. Qxe3 Nc4 31. Qe2 Qc6 32. Rd5 f6 33. h4 Nb6 34. R5d2 Nc4 35. Rd5 Rf8 36. g3 Rh8 37. Kh2 Rhd8 38. Bb3 Rc8 39. Ba2 Qb6 40. Rg1 Rc5 41. g4 Rxd5 42. exd5 hxg4 43. Bxc4 bxc4 44. Rxg4 f5 45. Rg2 Kf6 46. Qd2 f4 47. Qe2 Rh7 48. Qg4 Rh6 49. Qe6+ Kg7 50. Qe7+ Kg8 51. Qg5 Kg7 52. Qe7+ Kg8 1/2-1/2

[Event "SUI-chT"]
[Site "Switzerland"]
[Date "2005.02.27"]
[Round "1.7"]
[White "Riff, Jean Noel"]
[Black "Allemann, Anton"]
[Result "1-0"]
[WhiteElo "2319"]
[BlackElo "2241"]
[PlyCount "49"]
[EventDate "2005.02.27"]
[EventType "team-tourn"]
[EventRounds "9"]
[EventCountry "SUI"]
[SourceTitle "EXT 2006"]
[Source "ChessBase"]
[SourceDate "2005.11.24"]
[SourceVersion "1"]
[SourceVersionDate "2005.11.24"]
[SourceQuality "1"]
[WhiteTeam "Reichenstein"]
[BlackTeam "Riehen"]
[WhiteTeamCountry "SUI"]
[BlackTeamCountry "SUI"]

1. e4 c5 2. Nf3 d6 3. Bb5+ Bd7 4. Bxd7+ Qxd7 5. 0-0 Nf6 6. Qe2 Nc6 7. c3 e6 8. Rd1 Be7 9. d4 cxd4 10. Nxd4 0-0 11. Na3 Nxd4 12. Rxd4 Qc6 13. Bg5 h6 14. Bh4 g5 15. Bg3 e5 16. Rc4 Qa6 17. Re1 Rfe8 18. Nc2 Qxa2 19. Ne3 b5 20. Rc7 Qa6 21. Qf3 Bd8 22. Ng4 Bxc7 23. Qxf6 Qa2 24. Nxh6+ Kf8 25. Nf5 1-0

[Event "SUI-chT"]
[Site "Switzerland"]
[Date "2004.04.18"]
[Round "3.7"]
[White "Allemann, Anton"]
[Black "Raeber, Markus"]
[Result "1-0"]
[WhiteElo "2261"]
[BlackElo "2215"]
[PlyCount "53"]
[EventDate "2004.02.29"]
[EventType "team-tourn"]
[EventRounds "9"]
[EventCountry "SUI"]
[SourceTitle "EXT 2005"]
[Source "ChessBase"]
[SourceDate "2004.11.15"]
[SourceVersion "1"]
[SourceVersionDate "2004.11.15"]
[SourceQuality "1"]
[WhiteTeam "Riehen"]
[BlackTeam "Luzern"]
[WhiteTeamCountry "SUI"]
[BlackTeamCountry "SUI"]

1. d4 Nf6 2. c4 g6 3. g3 Bg7 4. Bg2 0-0 5. Nc3 d6 6. Nf3 Nbd7 7. 0-0 e5 8. e4 exd4 9. Nxd4 Re8 10. h3 a6 11. Be3 Rb8 12. b3 Nc5 13. Qc2 Qe7 14. f3 Nh5 15. Kh2 f5 16. Qd2 fxe4 17. b4 exf3 18. Rxf3 Nd7 19. Nd5 Qd8 20. Bg5 Ndf6 21. Re1 Re5 22. g4 Nxg4+ 23. hxg4 Qxg5 24. Qxg5 Rxg5 25. Re8+ Bf8 26. Rfxf8+ Kg7 27. gxh5 1-0

[Event "SUI-chT"]
[Site "Switzerland"]
[Date "2004.02.29"]
[Round "1.6"]
[White "Masserey, Yvan"]
[Black "Allemann, Anton"]
[Result "1/2-1/2"]
[WhiteElo "2331"]
[BlackElo "2233"]
[PlyCount "65"]
[EventDate "2004.02.29"]
[EventType "team-tourn"]
[EventRounds "9"]
[EventCountry "SUI"]
[SourceTitle "CBM 099 Extra"]
[Source "ChessBase"]
[SourceDate "2004.05.04"]
[SourceVersion "1"]
[SourceVersionDate "2004.05.04"]
[SourceQuality "1"]
[WhiteTeam "Biel"]
[BlackTeam "Riehen"]
[WhiteTeamCountry "SUI"]
[BlackTeamCountry "SUI"]

1. e4 e6 2. d4 d5 3. e5 c5 4. c3 Nc6 5. Nf3 Qb6 6. a3 Nh6 7. b4 cxd4 8. Bxh6 gxh6 9. cxd4 Bd7 10. Be2 Bg7 11. 0-0 0-0 12. Nc3 f6 13. Na4 Qd8 14. b5 Ne7 15. exf6 Rxf6 16. Ne5 Ng6 17. g3 Nxe5 18. dxe5 Rf7 19. f4 Qa5 20. Qd4 Bxb5 21. Bxb5 Qxb5 22. Rab1 Qe8 23. Nc5 b6 24. Nd3 Rc8 25. Rbc1 Rfc7 26. Rxc7 Rxc7 27. f5 Rc4 28. Qf2 exf5 29. Qxf5 Re4 30. Rc1 Rc4 31. Rf1 Re4 32. Rc1 Rc4 33. Rf1 1/2-1/2

[Event "Zug Young Masters"]
[Site "Zug"]
[Date "2003.10.09"]
[Round "3"]
[White "Bromberger, Stefan"]
[Black "Allemann, Anton"]
[Result "1-0"]
[WhiteElo "2448"]
[BlackElo "2271"]
[PlyCount "91"]
[EventDate "2003.10.07"]
[EventType "tourn"]
[EventRounds "11"]
[EventCountry "SUI"]
[EventCategory "5"]
[SourceTitle "CBM 096 Extra"]
[Source "ChessBase"]
[SourceDate "2003.10.22"]
[SourceVersion "2"]
[SourceVersionDate "2003.10.20"]
[SourceQuality "1"]

1. d4 Nf6 2. c4 c5 3. d5 e6 4. Nc3 exd5 5. cxd5 d6 6. e4 g6 7. f4 Bg7 8. Bb5+ Nfd7 9. a4 Qh4+ 10. g3 Qe7 11. Nf3 0-0 12. 0-0 a6 13. Bd3 Nf6 14. Kg2 Bg4 15. h3 Bxf3+ 16. Qxf3 Nbd7 17. Bd2 Rfc8 18. Bc4 Rab8 19. Rae1 Ne8 20. Qd3 Rd8 21. a5 Rdc8 22. b3 Rd8 23. Na4 Qf8 24. b4 cxb4 25. Bxb4 b5 26. axb6 Nxb6 27. Nxb6 Rxb6 28. Ba5 Rb2+ 29. Rf2 Rxf2+ 30. Kxf2 Ra8 31. Kg2 Qe7 32. e5 dxe5 33. fxe5 Qc5 34. Bc3 Rd8 35. Bd4 Qc7 36. Ba2 Qa5 37. Re2 Qb4 38. Rb2 Qa4 39. Bb3 Qa5 40. Bc4 Rxd5 41. Qf3 Nc7 42. e6 Nxe6 43. Bxd5 Ng5 44. Rb8+ Bf8 45. Qb3 Qd2+ 46. Bf2 1-0

[Event "Zug Young Masters"]
[Site "Zug"]
[Date "2003.10.08"]
[Round "2"]
[White "Allemann, Anton"]
[Black "Papa, Severin"]
[Result "0-1"]
[WhiteElo "2271"]
[BlackElo "2401"]
[PlyCount "90"]
[EventDate "2003.10.07"]
[EventType "tourn"]
[EventRounds "11"]
[EventCountry "SUI"]
[EventCategory "5"]
[SourceTitle "CBM 096 Extra"]
[Source "ChessBase"]
[SourceDate "2003.10.22"]
[SourceVersion "2"]
[SourceVersionDate "2003.10.20"]
[SourceQuality "1"]

1. e4 c5 2. c3 Nf6 3. e5 Nd5 4. Nf3 e6 5. Bc4 Nb6 6. Bb3 c4 7. Bc2 d6 8. exd6 Bxd6 9. d4 cxd3 10. Qxd3 Nc6 11. 0-0 Ne5 12. Nxe5 Bxe5 13. Qe4 Qc7 14. h3 Bd7 15. Nd2 Bc6 16. Qe2 Nd5 17. Nf3 Bf6 18. Be4 0-0 19. Bg5 Bxg5 20. Nxg5 Qf4 21. Bxh7+ Kh8 22. Qh5 Nf6 23. Nxf7+ Rxf7 24. Qxf7 Kxh7 25. Rad1 Qg5 26. f3 e5 27. Qc4 e4 28. fxe4 Bb5 29. Qd4 Bxf1 30. Rxf1 Re8 31. Qxa7 Nxe4 32. Qd4 Ng3 33. Qd3+ Kh8 34. Rd1 Ne2+ 35. Kh1 Qe5 36. Qf3 Ng3+ 37. Kg1 Ne2+ 38. Kh1 Ng3+ 39. Kg1 Ne2+ 40. Kh1 Qg5 41. Qxb7 Rd8 42. Qb3 Rd2 43. c4 Kh7 44. a4 Nd4 45. Rxd2 Nxb3 0-1

[Event "Wch U20"]
[Site "Nakhchivan"]
[Date "2003.07.02"]
[Round "12"]
[White "Wang, Hao Yuan"]
[Black "Allemann, Anton"]
[Result "1-0"]
[WhiteElo "2226"]
[BlackElo "2254"]
[PlyCount "127"]
[EventDate "2003.06.22"]
[EventType "swiss"]
[EventRounds "13"]
[EventCountry "AZE"]
[SourceTitle "EXT 2004"]
[Source "ChessBase"]
[SourceDate "2003.11.25"]
[SourceVersion "1"]
[SourceVersionDate "2003.11.25"]
[SourceQuality "1"]

1. e4 c5 2. Nf3 d6 3. d4 cxd4 4. Nxd4 Nf6 5. Nc3 Nc6 6. Bg5 e6 7. Qd2 a6 8. 0-0-0 h6 9. Nxc6 bxc6 10. Bf4 d5 11. Qe3 Be7 12. Be2 0-0 13. Qg3 Kh8 14. Bc7 Qd7 15. Be5 Ne8 16. Qe3 Bf6 17. Bxf6 Nxf6 18. g4 Qe7 19. g5 hxg5 20. Qxg5 Ng8 21. Qh5+ Nh6 22. Rhg1 Qf6 23. Rd3 Qf4+ 24. Kb1 dxe4 25. Rh3 e5 26. Rh4 Qf5 27. Rg5 Qh7 28. Nxe4 f6 29. Nxf6 Rxf6 30. Bd3 Qg8 31. Rg6 Re6 32. Qxh6+ gxh6 33. Rhxh6+ Qh7 34. Rxh7+ Kxh7 35. Rxe6+ Kg7 36. Rxe5 Kf6 37. Rc5 Bd7 38. a4 Rh8 39. Bxa6 Rxh2 40. Bb7 Ke6 41. a5 Kd6 42. Rc3 Rxf2 43. a6 Kc7 44. b4 Rf4 45. b5 Rb4+ 46. Kc1 Rxb5 47. Ra3 Rxb7 48. a7 Rxa7 49. Rxa7+ Kd6 50. Kd2 Be6 51. Kc3 Bf5 52. Ra5 Be4 53. Kb3 Bf3 54. c3 Be4 55. Kb4 Bf3 56. Rg5 Be4 57. Rh5 Bf3 58. Rh6+ Kd7 59. Kc5 Be4 60. Rd6+ Kc7 61. Re6 Bg2 62. Re7+ Kd8 63. Kd6 Bd5 64. Rc7 1-0

[Event "Wch U20"]
[Site "Nakhchivan"]
[Date "2003.07.01"]
[Round "11"]
[White "Allemann, Anton"]
[Black "Deepan Chakkravarthy, J."]
[Result "0-1"]
[WhiteElo "2254"]
[BlackElo "2379"]
[PlyCount "90"]
[EventDate "2003.06.22"]
[EventType "swiss"]
[EventRounds "13"]
[EventCountry "AZE"]
[SourceTitle "EXT 2004"]
[Source "ChessBase"]
[SourceDate "2003.11.25"]
[SourceVersion "1"]
[SourceVersionDate "2003.11.25"]
[SourceQuality "1"]

1. e4 c5 2. c3 Nf6 3. e5 Nd5 4. Nf3 Nc6 5. Bc4 Nb6 6. Bb3 d5 7. exd6 Qxd6 8. 0-0 g6 9. d4 c4 10. Bc2 Bg7 11. Nbd2 0-0 12. Qe2 Be6 13. b3 cxb3 14. axb3 Bg4 15. Nc4 Qe6 16. Qxe6 Bxe6 17. Nxb6 axb6 18. Be3 b5 19. b4 Bc4 20. Rfe1 Rxa1 21. Rxa1 e5 22. dxe5 Nxe5 23. Nxe5 Bxe5 24. Bd4 Bxd4 25. cxd4 Rd8 26. Be4 Rxd4 27. Bxb7 Be6 28. Kf1 Rxb4 29. Ke2 Rb2+ 30. Ke3 b4 31. Be4 Kg7 32. f4 h5 33. Kd4 h4 34. Ra4 h3 35. gxh3 b3 36. Bf3 Rxh2 37. Rb4 Rxh3 38. Bd5 Bxd5 39. Kxd5 f5 40. Rb7+ Kh6 41. Ke5 Kh5 42. Kf6 Re3 43. Rh7+ Kg4 44. Kxg6 Re6+ 45. Kf7 Rb6 0-1

[Event "Wch U20"]
[Site "Nakhchivan"]
[Date "2003.06.24"]
[Round "4"]
[White "Masse, Hugues"]
[Black "Allemann, Anton"]
[Result "0-1"]
[WhiteElo "2120"]
[BlackElo "2254"]
[PlyCount "96"]
[EventDate "2003.06.22"]
[EventType "swiss"]
[EventRounds "13"]
[EventCountry "AZE"]
[SourceTitle "EXT 2004"]
[Source "ChessBase"]
[SourceDate "2003.11.25"]
[SourceVersion "1"]
[SourceVersionDate "2003.11.25"]
[SourceQuality "1"]

1. d4 Nf6 2. c4 c5 3. d5 e6 4. Nc3 exd5 5. cxd5 d6 6. Nf3 g6 7. h3 a6 8. a4 Qe7 9. Nd2 Bg7 10. e4 0-0 11. Bd3 Nbd7 12. 0-0 Ne5 13. Bc2 g5 14. Nf3 g4 15. Nxe5 Qxe5 16. h4 Bd7 17. a5 Rab8 18. g3 Nh5 19. Ne2 f5 20. Nf4 fxe4 21. Nxh5 Qxh5 22. Bxe4 Rbe8 23. Qc2 Bd4 24. Be3 Bf5 25. Bxf5 Qxf5 26. Qxf5 Rxf5 27. Bxd4 cxd4 28. Rad1 Rxd5 29. Rd2 Kg7 30. Rfd1 Re4 31. Kg2 Kf6 32. f3 gxf3+ 33. Kxf3 Ke5 34. b4 Re3+ 35. Kf2 Ke4 36. g4 d3 37. Rc1 Rf3+ 38. Kg2 Ke3 39. Rcd1 Rf4 40. Kh3 Rxb4 41. h5 Rc4 42. Rg2 d2 43. Rg3+ Ke2 44. Rgg1 Rdc5 45. g5 Rc1 46. Rxd2+ Kxd2 47. Rg2+ Ke3 48. Rg3+ Kf4 0-1

[Event "Zuerich op 26th"]
[Site "Zuerich"]
[Date "2002.12.30"]
[Round "7"]
[White "Allemann, Anton"]
[Black "Raetsky, Alexander"]
[Result "1/2-1/2"]
[WhiteElo "2231"]
[BlackElo "2423"]
[PlyCount "83"]
[EventDate "2002.12.26"]
[EventType "swiss"]
[EventRounds "7"]
[EventCountry "SUI"]
[SourceTitle "CBM 091 Extra"]
[Source "ChessBase"]
[SourceDate "2003.01.09"]
[SourceVersion "1"]
[SourceVersionDate "2003.01.09"]
[SourceQuality "1"]

1. e4 c5 2. c3 d6 3. d4 Nf6 4. Bd3 cxd4 5. cxd4 g6 6. Nc3 Bg7 7. h3 0-0 8. Nf3 e5 9. dxe5 dxe5 10. 0-0 Nc6 11. Be3 Re8 12. Bb5 Bd7 13. Qb3 Na5 14. Qa4 Bxb5 15. Qxb5 a6 16. Qe2 Rc8 17. Rfd1 Qc7 18. Rac1 Qc4 19. Qe1 Qb4 20. b3 Nc6 21. Bg5 Nd4 22. Nxd4 exd4 23. Bxf6 Rxc3 24. Rxd4 Rxc1 25. Qxc1 Qa5 26. Bxg7 Kxg7 27. a4 Qe5 28. Qd2 Rc8 29. f4 Qc5 30. Kh2 Rc7 31. Rc4 Qb6 32. Rxc7 Qxc7 33. Qd4+ Kg8 34. e5 b5 35. axb5 axb5 36. Qb4 Qc6 37. Kg3 Qd5 38. Kh2 h5 39. h4 Qd3 40. Kg1 Kg7 41. Kf2 Kg8 42. Kg1 1/2-1/2

[Event "Biel MTO op"]
[Site "Biel"]
[Date "2002.07.24"]
[Round "3"]
[White "Al Sayed, Mohammed"]
[Black "Allemann, Anton"]
[Result "1/2-1/2"]
[WhiteElo "2405"]
[BlackElo "2228"]
[PlyCount "39"]
[EventDate "2002.07.22"]
[EventType "swiss"]
[EventRounds "11"]
[EventCountry "SUI"]
[SourceTitle "EXT 2003"]
[Source "ChessBase"]
[SourceDate "2002.11.25"]
[SourceVersion "1"]
[SourceVersionDate "2002.11.25"]
[SourceQuality "1"]

1. e4 c5 2. Nf3 d6 3. d4 cxd4 4. Nxd4 Nf6 5. Nc3 Nc6 6. Bc4 e6 7. Bb3 a6 8. Be3 Qc7 9. f4 Be7 10. Qf3 Nxd4 11. Bxd4 b5 12. 0-0-0 Bb7 13. a3 0-0 14. f5 e5 15. Be3 Rfc8 16. Bg5 Nxe4 17. Nxe4 Bxg5+ 18. Kb1 Be7 19. Qe2 a5 20. Bd5 1/2-1/2

[Event "Biel MTO op"]
[Site "Biel"]
[Date "2002.07.23"]
[Round "2"]
[White "Allemann, Anton"]
[Black "Tillmann, Marc"]
[Result "1-0"]
[WhiteElo "2228"]
[BlackElo "2098"]
[PlyCount "53"]
[EventDate "2002.07.22"]
[EventType "swiss"]
[EventRounds "11"]
[EventCountry "SUI"]
[SourceTitle "EXT 2003"]
[Source "ChessBase"]
[SourceDate "2002.11.25"]
[SourceVersion "1"]
[SourceVersionDate "2002.11.25"]
[SourceQuality "1"]

1. e4 e6 2. d4 d5 3. Nd2 dxe4 4. Nxe4 Nf6 5. Nxf6+ gxf6 6. Be3 e5 7. Bc4 Qe7 8. Qe2 Nc6 9. dxe5 fxe5 10. 0-0-0 Bg7 11. Nf3 Bg4 12. h3 Bxf3 13. Qxf3 e4 14. Qf5 Ne5 15. Bb3 0-0 16. Bg5 Qc5 17. Rd5 Nd3+ 18. Kb1 Qxf2 19. Qxf2 Nxf2 20. Rf1 e3 21. Bxe3 Ne4 22. Rd7 Rae8 23. Rfxf7 Kh8 24. Rxf8+ Rxf8 25. c3 c5 26. Rxb7 a5 27. Re7 1-0

[Event "Zuerich op 25th"]
[Site "Zuerich"]
[Date "2001.12.27"]
[Round "2"]
[White "Allemann, Anton"]
[Black "Moor, Roger"]
[Result "1-0"]
[WhiteElo "2190"]
[BlackElo "2385"]
[PlyCount "68"]
[EventDate "2001.12.26"]
[EventType "swiss"]
[EventRounds "7"]
[EventCountry "SUI"]
[SourceTitle "EXT 2003"]
[Source "ChessBase"]
[SourceDate "2002.11.25"]
[SourceVersion "1"]
[SourceVersionDate "2002.11.25"]
[SourceQuality "1"]

1. e4 c6 2. d4 d5 3. Nc3 b5 4. a3 a6 5. e5 e6 6. Nce2 c5 7. c3 Nc6 8. Nf3 Bd7 9. Ng3 Rc8 10. Bd3 h6 11. 0-0 g6 12. b4 cxd4 13. cxd4 Nge7 14. Be3 Rc7 15. Nd2 Nc8 16. Nb3 Nb6 17. Nc5 Bxc5 18. bxc5 Nc4 19. Qc1 Qh4 20. Ne2 Qd8 21. Ng3 Qh4 22. Ne2 N6a5 23. Rb1 Qd8 24. Bxh6 Qh4 25. Bf4 Nc6 26. h3 Rh5 27. Bxc4 dxc4 28. Ng3 Nxd4 29. Qd2 Rf5 30. Be3 Nb3 31. Rxb3 cxb3 32. Nxf5 gxf5 33. Bg5 Qe4 34. Qd6 Bc6 1-0

[Event "SUI-chT"]
[Site "Switzerland"]
[Date "2001.10.27"]
[Round "8.7"]
[White "Zenklusen, Rico"]
[Black "Allemann, Anton"]
[Result "1-0"]
[WhiteElo "2222"]
[BlackElo "2114"]
[PlyCount "59"]
[EventDate "2001.03.04"]
[EventType "team-tourn"]
[EventRounds "9"]
[EventCountry "SUI"]
[SourceTitle "EXT 2002"]
[Source "ChessBase"]
[SourceDate "2001.11.25"]
[SourceVersion "1"]
[SourceVersionDate "2001.11.25"]
[SourceQuality "1"]
[WhiteTeam "Bern"]
[BlackTeam "Riehen"]
[WhiteTeamCountry "SUI"]
[BlackTeamCountry "SUI"]

1. e4 c5 2. Nf3 d6 3. d4 cxd4 4. Nxd4 Nf6 5. Nc3 a6 6. Bg5 e6 7. f4 Be7 8. Qf3 Qc7 9. 0-0-0 Nbd7 10. Bd3 b5 11. Rhe1 Bb7 12. Qg3 b4 13. Nd5 exd5 14. e5 dxe5 15. fxe5 Nh5 16. Qh4 Bxg5+ 17. Qxg5 g6 18. e6 Ndf6 19. exf7+ Kxf7 20. Rf1 Rhe8 21. g4 Kg8 22. gxh5 Nxh5 23. Bxg6 hxg6 24. Qxg6+ Ng7 25. Rd3 Rf8 26. Nf5 Rae8 27. Rg3 Re1+ 28. Rxe1 Rxf5 29. Qxf5 Qxg3 30. Re8+ 1-0